000
00276nam a22001217a 4500
999
_c
13918
_d
13918
020
_a
9780099590088
082
_a
908
100
_a
Yuval Noah Harari
245
_a
Sapiens: A Brief History of Humankind
260
_a
London
_b
Vintage
_c
2014
300
_a
498 pages
942
_c
BK